[Event "GRE-chT 50th"]
[Site "Nikaia"]
[Date "2023.08.26"]
[Round "3.4"]
[White "Botsari, Anna Maria"]
[Black "Koulouris, Evangelos"]
[Result "1-0"]
[WhiteElo "2237"]
[BlackElo "1958"]
[PlyCount "91"]
[EventDate "2023.08.25"]
[EventType "team"]
[EventRounds "9"]
[EventCountry "GRE"]
[SourceTitle "EXT 2024"]
[Source "ChessBase"]
[SourceDate "2023.10.10"]
[SourceVersion "1"]
[SourceVersionDate "2023.10.10"]
[SourceQuality "1"]
[WhiteTeam "Phisiolatris"]
[BlackTeam "Irakleiou Attikis"]
[WhiteTeamCountry "GRE"]
[BlackTeamCountry "GRE"]

1. d4 Nf6 2. c4 e6 3. g3 d5 4. Nf3 dxc4 5. Qa4+ Nbd7 6. Bg2 a6 7. Qxc4 b5 8. Qc6 Rb8 9. Bf4 Bb7 10. Qxc7 Qxc7 11. Bxc7 Rc8 12. Ba5 Rc1+ 13. Kd2 Rc4 14. b3 Rc8 15. Rd1 Bd6 16. Ke1 Ke7 17. Nh4 Nd5 18. a3 f5 19. Nc3 Nxc3 20. Bxb7 Nxd1 21. Bxc8 Rxc8 22. Kxd1 Nf6 23. f3 g5 24. Ng2 Nd5 25. Kd2 f4 26. e4 fxe3+ 27. Nxe3 Nxe3 28. Kxe3 Rc2 29. Bd2 Rb2 30. b4 Rb3+ 31. Ke4 h6 32. Ra2 Kd7 33. a4 Kc6 34. axb5+ Kxb5 35. Ra5+ Kb6 36. Ra4 Kb5 37. Ra5+ Kb6 38. h4 Rb2 39. Bc3 Re2+ 40. Kd3 Rg2 41. hxg5 hxg5 42. g4 Bf4 43. d5 e5 44. d6 Rf2 45. Ke4 Rc2 46. Rc5 1-0

[Event "Athens Iraklion op 25th"]
[Site "Athens"]
[Date "2023.06.23"]
[Round "7"]
[White "Koulouris, Evangelos"]
[Black "Gazis, Efstathios"]
[Result "1-0"]
[WhiteElo "1940"]
[BlackElo "2165"]
[PlyCount "120"]
[EventDate "2023.06.17"]
[EventType "swiss"]
[EventRounds "9"]
[EventCountry "GRE"]
[SourceTitle "CBM 214 Extra"]
[Source "ChessBase"]
[SourceDate "2023.07.31"]
[SourceVersion "1"]
[SourceVersionDate "2023.07.31"]
[SourceQuality "1"]

1. d4 Nf6 2. c4 c5 3. d5 e5 4. Nc3 d6 5. e4 g6 6. g3 a6 7. a4 Nbd7 8. Nf3 Bg7 9. Bg2 0-0 10. 0-0 Nh5 11. Ne1 Qe8 12. Bf3 Ndf6 13. Nd3 Bh3 14. Bg2 Qc8 15. Qe2 Kh8 16. Bd2 Bxg2 17. Kxg2 Nd7 18. h3 Qe8 19. g4 Nhf6 20. f4 exf4 21. Bxf4 Qe7 22. Rae1 Ne8 23. e5 Nxe5 24. Nxe5 dxe5 25. Bxe5 Bxe5 26. Qxe5+ Qxe5 27. Rxe5 Nd6 28. b3 f5 29. Re7 Rab8 30. Rd7 Rfd8 31. Rxd8+ Rxd8 32. Re1 Kg7 33. Re7+ Kf6 34. Re6+ Kf7 35. Kg3 b5 36. axb5 axb5 37. cxb5 Ne4+ 38. Nxe4 fxe4 39. Rxe4 Rxd5 40. Kf4 h6 41. Ke3 h5 42. b4 c4 43. Rxc4 Rxb5 44. Re4 Rd5 45. Rd4 Re5+ 46. Kd3 h4 47. Rf4+ Kg7 48. Re4 Rd5+ 49. Kc4 Rd1 50. Re3 Kf6 51. b5 Kg5 52. Rf3 Rb1 53. Rb3 Rc1+ 54. Rc3 Rb1 55. Kc5 Kf4 56. b6 Ke4 57. Kc6 Kd4 58. Rc2 Kd3 59. Rc5 Kd4 60. Rb5 Ke4 1-0

[Event "Athens Iraklion op 25th"]
[Site "Athens"]
[Date "2023.06.20"]
[Round "4"]
[White "Kotronias, Vasilios"]
[Black "Koulouris, Evangelos"]
[Result "1-0"]
[WhiteElo "2432"]
[BlackElo "1940"]
[PlyCount "73"]
[EventDate "2023.06.17"]
[EventType "swiss"]
[EventRounds "9"]
[EventCountry "GRE"]
[SourceTitle "CBM 214 Extra"]
[Source "ChessBase"]
[SourceDate "2023.07.31"]
[SourceVersion "1"]
[SourceVersionDate "2023.07.31"]
[SourceQuality "1"]

1. e4 e5 2. Nf3 Nc6 3. d4 exd4 4. Nxd4 Bc5 5. Nb3 Bb6 6. Nc3 Nge7 7. Bf4 d6 8. Qd2 0-0 9. 0-0-0 Be6 10. Be3 f5 11. exf5 Nxf5 12. Bxb6 axb6 13. Kb1 Na5 14. Nxa5 Rxa5 15. Bd3 Qf6 16. a3 Ne7 17. Rhe1 Nc6 18. Ne4 Qd8 19. f4 Kh8 20. Ng5 Bg8 21. Ne6 Bxe6 22. Rxe6 Nd4 23. Re4 d5 24. Rxd4 c5 25. Bxh7 cxd4 26. Bg6 Qh4 27. f5 Ra4 28. g3 Qg4 29. Re1 b5 30. Qd3 Rc4 31. h3 Qg5 32. Re5 b4 33. Rxd5 Rfc8 34. Re5 bxa3 35. Qxc4 a2+ 36. Kxa2 Ra8+ 37. Kb1 1-0

[Event "GRE-ch U20"]
[Site "Trikala"]
[Date "2023.04.20"]
[Round "4"]
[White "Georgiadis, Athanasios Kat"]
[Black "Koulouris, Evangelos"]
[Result "0-1"]
[WhiteElo "1764"]
[BlackElo "1860"]
[PlyCount "38"]
[EventDate "2023.04.18"]
[EventType "swiss"]
[EventRounds "9"]
[EventCountry "GRE"]
[SourceTitle "EXT 2024"]
[Source "ChessBase"]
[SourceDate "2023.10.10"]
[SourceVersion "1"]
[SourceVersionDate "2023.10.10"]
[SourceQuality "1"]

1. e4 e5 2. Nf3 Nc6 3. Bb5 a6 4. Ba4 d6 5. d4 b5 6. Bb3 Nxd4 7. Nxd4 exd4 8. a4 Bb7 9. Qxd4 Nf6 10. 0-0 Be7 11. Nc3 c5 12. Qe3 c4 13. Ba2 Qd7 14. Rd1 0-0 15. e5 Qc6 16. f3 dxe5 17. axb5 axb5 18. Kh1 Bc5 19. Qxe5 Ng4 0-1

[Event "GRE-ch U20"]
[Site "Trikala"]
[Date "2023.04.19"]
[Round "3"]
[White "Koulouris, Evangelos"]
[Black "Margaritis, Ioannis M"]
[Result "1-0"]
[WhiteElo "1860"]
[BlackElo "1601"]
[PlyCount "91"]
[EventDate "2023.04.18"]
[EventType "swiss"]
[EventRounds "9"]
[EventCountry "GRE"]
[SourceTitle "EXT 2024"]
[Source "ChessBase"]
[SourceDate "2023.10.10"]
[SourceVersion "1"]
[SourceVersionDate "2023.10.10"]
[SourceQuality "1"]

1. d4 d5 2. c4 e6 3. Nf3 Nf6 4. g3 dxc4 5. Bg2 Bd7 6. Ne5 Bc6 7. Nxc6 Nxc6 8. Bxc6+ bxc6 9. 0-0 Be7 10. Qa4 0-0 11. Rd1 Qd7 12. Nc3 c5 13. Qxc4 cxd4 14. Rxd4 Bd6 15. Bg5 Qe7 16. Rad1 Rfd8 17. Qd3 h6 18. Bxf6 Qxf6 19. b3 Be7 20. Qc4 Qe5 21. Rxd8+ Rxd8 22. Rxd8+ Bxd8 23. a4 a6 24. e3 Be7 25. Ne2 Qd6 26. Nf4 g5 27. Nd3 f5 28. b4 Kf7 29. e4 fxe4 30. Qxe4 Qd5 31. f3 Bf6 32. Kg2 Qa2+ 33. Kh3 Qd5 34. Kg4 Qxe4+ 35. fxe4 Bd4 36. Kf3 e5 37. h3 c6 38. Ke2 Ke6 39. Kd2 Kd6 40. Kc2 Kc7 41. Kb3 Kb6 42. Kc4 a5 43. g4 axb4 44. Nxb4 Kb7 45. a5 Ka7 46. Nxc6+ 1-0

[Event "Nikaia op 29th"]
[Site "Nikaia"]
[Date "2022.09.06"]
[Round "6"]
[White "Michelakos, Panagiotis"]
[Black "Koulouris, Evangelos"]
[Result "1-0"]
[WhiteElo "2281"]
[BlackElo "1895"]
[PlyCount "69"]
[EventDate "2022.09.01"]
[EventType "swiss"]
[EventRounds "9"]
[EventCountry "GRE"]
[SourceTitle "CBM 210 Extra"]
[Source "ChessBase"]
[SourceDate "2022.11.30"]
[SourceVersion "1"]
[SourceVersionDate "2022.11.30"]
[SourceQuality "1"]

1. e4 e5 2. Nf3 Nc6 3. Bc4 Nf6 4. d4 exd4 5. e5 d5 6. Bb5 Ne4 7. Nxd4 Bd7 8. Bxc6 bxc6 9. 0-0 Bc5 10. f3 Ng5 11. Be3 Ne6 12. c3 Bb6 13. f4 g6 14. a4 Rb8 15. Qc1 Qe7 16. Rf2 Nc5 17. a5 Nd3 18. Qf1 Nxf2 19. Qxf2 Bc5 20. b4 Bxb4 21. cxb4 Qxb4 22. Nc2 Qe4 23. Bxa7 Rb2 24. Nba3 0-0 25. Bd4 Rb3 26. a6 Ra8 27. a7 Bf5 28. Re1 Qd3 29. e6 Be4 30. Qh4 Qd2 31. exf7+ Kxf7 32. Qf6+ Ke8 33. Qxc6+ Kf7 34. Qf6+ Ke8 35. Rxe4+ 1-0

[Event "Nikaia op 29th"]
[Site "Nikaia"]
[Date "2022.09.03"]
[Round "3"]
[White "Kofidis, Andreas"]
[Black "Koulouris, Evangelos"]
[Result "0-1"]
[WhiteElo "2294"]
[BlackElo "1895"]
[PlyCount "114"]
[EventDate "2022.09.01"]
[EventType "swiss"]
[EventRounds "9"]
[EventCountry "GRE"]
[SourceTitle "CBM 210 Extra"]
[Source "ChessBase"]
[SourceDate "2022.11.30"]
[SourceVersion "1"]
[SourceVersionDate "2022.11.30"]
[SourceQuality "1"]

1. e4 e5 2. Nf3 Nc6 3. Bb5 a6 4. Ba4 Nge7 5. 0-0 g6 6. d4 exd4 7. Nxd4 Bg7 8. c3 0-0 9. Bg5 f6 10. Bh4 Nxd4 11. cxd4 d5 12. Bb3 Be6 13. Nc3 c6 14. f4 Qd7 15. f5 gxf5 16. exd5 Nxd5 17. Qf3 Rad8 18. Rae1 Rfe8 19. Nxd5 Bxd5 20. Bxd5+ Qxd5 21. Qxd5+ cxd5 22. Rxe8+ Rxe8 23. Rxf5 Re2 24. Rxd5 Rxb2 25. Rd7 b5 26. d5 Rxa2 27. Be1 Bf8 28. Rd8 Kf7 29. d6 Ra1 30. Kf2 Rd1 31. Bb4 a5 32. Ke2 Rd4 33. Bxa5 Rxd6 34. Rb8 Rd5 35. h3 h5 36. g4 Bd6 37. Rb7+ Ke6 38. gxh5 Rxh5 39. Bd2 Re5+ 40. Kf3 Rd5 41. Be3 b4 42. h4 Ra5 43. Bd2 Ra3+ 44. Kg4 Rg3+ 45. Kh5 b3 46. Rb6 Kd5 47. Bb4 Bxb4 48. Rxb4 Kc5 49. Rb8 Kc4 50. Kh6 f5 51. h5 f4 52. Kh7 f3 53. h6 f2 54. Rc8+ Kd4 55. Rd8+ Ke3 56. Re8+ Kd2 57. Rf8 Ke2 0-1

[Event "Nikaia op 29th"]
[Site "Nikaia"]
[Date "2022.09.02"]
[Round "2"]
[White "Koulouris, Evangelos"]
[Black "Pournaras, Panagiotis"]
[Result "1-0"]
[WhiteElo "1895"]
[BlackElo "1521"]
[PlyCount "57"]
[EventDate "2022.09.01"]
[EventType "swiss"]
[EventRounds "9"]
[EventCountry "GRE"]
[SourceTitle "CBM 210 Extra"]
[Source "ChessBase"]
[SourceDate "2022.11.30"]
[SourceVersion "1"]
[SourceVersionDate "2022.11.30"]
[SourceQuality "1"]

1. d4 Nf6 2. c4 e6 3. Nf3 d5 4. g3 Be7 5. Bg2 0-0 6. 0-0 Nbd7 7. Nc3 c6 8. Nd2 Bb4 9. Qb3 Ba5 10. e4 Bxc3 11. Qxc3 dxe4 12. Nxe4 Nxe4 13. Bxe4 Nf6 14. Bf3 Nd7 15. Bf4 Nb6 16. b4 Qf6 17. h4 h6 18. a4 Nxc4 19. Qxc4 g5 20. hxg5 hxg5 21. Bd6 Rd8 22. Qc5 Rxd6 23. Qxd6 Qxf3 24. Rfe1 Qd5 25. Qxd5 exd5 26. Re8+ Kg7 27. Rae1 b6 28. R1e7 Kf6 29. Rc7 1-0

[Event "GRE-ch U16 Attiki"]
[Site "Peristeri"]
[Date "2022.06.30"]
[Round "7"]
[White "Proutsalis, Marios Alexandros"]
[Black "Koulouris, Evangelos"]
[Result "0-1"]
[WhiteElo "1461"]
[BlackElo "1707"]
[PlyCount "138"]
[EventDate "2022.06.24"]
[EventType "swiss"]
[EventRounds "7"]
[EventCountry "GRE"]
[SourceTitle "EXT 2023"]
[Source "ChessBase"]
[SourceDate "2022.10.05"]
[SourceVersion "1"]
[SourceVersionDate "2022.10.05"]
[SourceQuality "1"]

1. e4 e5 2. Nf3 Nc6 3. Bb5 a6 4. Ba4 Nf6 5. d3 b5 6. Bb3 Be7 7. a4 b4 8. Nbd2 0-0 9. Nc4 d6 10. h3 Be6 11. 0-0 Re8 12. a5 Bf8 13. Re1 g6 14. c3 h6 15. Bd2 Rb8 16. Ba4 bxc3 17. bxc3 Bd7 18. Qc2 Na7 19. Bb3 Nb5 20. Rad1 Qc8 21. Ne3 c6 22. Nf1 Qb7 23. Qa2 Be6 24. Bxe6 Rxe6 25. Rb1 Qc8 26. c4 Nc7 27. Rb6 Nd7 28. Rxc6 Qb7 29. d4 Qxc6 30. d5 Qb7 31. dxe6 Nxe6 32. Ne3 Qxe4 33. Nd5 Qd3 34. Re3 Qb1+ 35. Qxb1 Rxb1+ 36. Kh2 Ndc5 37. Re1 Rxe1 38. Bxe1 e4 39. Ng1 Bg7 40. Bb4 Be5+ 41. g3 Nd3 42. Kg2 Nxb4 43. Nxb4 Nc5 44. Ne2 Kf8 45. f3 f5 46. fxe4 fxe4 47. Nf4 Bxf4 48. gxf4 Ke7 49. Kf2 Ke6 50. Ke3 Kf5 51. Nd5 Nb3 52. Ne7+ Ke6 53. Nc6 Nc5 54. Nd4+ Kf6 55. Nc6 g5 56. Nb4 Kf5 57. fxg5 Kxg5 58. Nc6 Kh4 59. Nd4 Kg5 60. Ne2 h5 61. Ng3 Kh4 62. Kf2 Nd3+ 63. Kg2 Ne1+ 64. Kf2 e3+ 65. Kxe1 Kxg3 66. Ke2 Kf4 67. Ke1 Kf3 68. h4 e2 69. c5 dxc5 0-1

[Event "GRE-chT 48th"]
[Site "Athens"]
[Date "2021.09.08"]
[Round "3.5"]
[White "Koulouris, Evangelos"]
[Black "Pagkalis, Konstantinos"]
[Result "1-0"]
[WhiteElo "1710"]
[BlackElo "1067"]
[PlyCount "83"]
[EventDate "2021.09.07"]
[EventType "team-swiss"]
[EventRounds "7"]
[EventCountry "GRE"]
[SourceTitle "CBM 204 Extra"]
[Source "ChessBase"]
[SourceDate "2021.11.30"]
[SourceVersion "1"]
[SourceVersionDate "2021.11.30"]
[SourceQuality "1"]
[WhiteTeam "Epyk Irakliou Attykis"]
[BlackTeam "Papagou"]
[WhiteTeamCountry "GRE"]
[BlackTeamCountry "GRE"]

1. d4 d5 2. c4 c6 3. cxd5 cxd5 4. Nc3 e6 5. Bf4 Nc6 6. e3 f5 7. Nf3 Nf6 8. Bb5 Bd6 9. 0-0 0-0 10. Rc1 Bxf4 11. exf4 Bd7 12. Re1 Ne4 13. Bxc6 bxc6 14. Ne5 Nxf2 15. Kxf2 Qh4+ 16. Kg1 Be8 17. g3 Qh3 18. Qe2 Rf6 19. Qg2 Qh5 20. Na4 Kh8 21. b4 g5 22. fxg5 Qxg5 23. Nd3 Rb8 24. Nac5 f4 25. Nxf4 Rb6 26. Ncxe6 Rxb4 27. Re3 Qf5 28. Re5 Rb1 29. Qf1 Rxc1 30. Qxc1 Qg4 31. Kg2 Bd7 32. Rg5 Qxe6 33. Nxe6 Bxe6 34. Qe3 h6 35. Qe5 hxg5 36. Qxf6+ Kh7 37. Qxe6 a5 38. Kh3 a4 39. Kg4 c5 40. Qf7+ Kh6 41. Kf5 cxd4 42. Qg6# 1-0

[Event "GRE-ch U20"]
[Site "Trikala"]
[Date "2020.08.22"]
[Round "8"]
[White "Koulouris, Evangelos"]
[Black "Hartofylakas, Spyros"]
[Result "1-0"]
[WhiteElo "1733"]
[BlackElo "1842"]
[PlyCount "111"]
[EventDate "2020.08.17"]
[EventType "swiss"]
[EventRounds "9"]
[EventCountry "GRE"]
[SourceTitle "CBM 198 Extra"]
[Source "ChessBase"]
[SourceDate "2020.11.30"]
[SourceVersion "1"]
[SourceVersionDate "2020.11.30"]
[SourceQuality "1"]

1. d4 d5 2. c4 e6 3. Nf3 Nf6 4. g3 dxc4 5. Bg2 Bd7 6. 0-0 Bc6 7. a4 Nbd7 8. Qc2 Be4 9. Qxc4 Nb6 10. Qb3 Bd5 11. Qd1 c5 12. a5 Nbd7 13. Nc3 Bc6 14. h3 Be7 15. Be3 b6 16. Qc2 Rc8 17. Rfd1 Qc7 18. dxc5 bxc5 19. Nd2 Bxg2 20. Kxg2 Nd5 21. Nxd5 exd5 22. Qf5 Qc6 23. Nf3 d4 24. Bf4 0-0 25. b4 g6 26. Qc2 g5 27. Bd2 f5 28. Qc4+ Kh8 29. b5 Qe4 30. Qd3 Qd5 31. Kh2 g4 32. Ng1 Ne5 33. Qc2 c4 34. Bc3 Bc5 35. e3 gxh3 36. f3 Nd3 37. Bxd4+ Bxd4 38. exd4 Qxd4 39. Nxh3 Qe3 40. Kg2 f4 41. g4 Rfe8 42. Nf2 Nxf2 43. Qxf2 c3 44. Qxe3 Rxe3 45. Re1 Rd3 46. Rad1 Rcd8 47. Rxd3 Rxd3 48. b6 axb6 49. axb6 Rd2+ 50. Kh3 Rb2 51. Rc1 c2 52. Kh4 h6 53. b7 Rxb7 54. Rxc2 Rb3 55. Kh5 Rxf3 56. Kg6 1-0

[Event "GRE-ch U20"]
[Site "Trikala"]
[Date "2020.08.18"]
[Round "3"]
[White "Koulouris, Evangelos"]
[Black "Kouvidis, Ioannis"]
[Result "0-1"]
[WhiteElo "1733"]
[BlackElo "2040"]
[PlyCount "102"]
[EventDate "2020.08.17"]
[EventType "swiss"]
[EventRounds "9"]
[EventCountry "GRE"]
[SourceTitle "CBM 198 Extra"]
[Source "ChessBase"]
[SourceDate "2020.11.30"]
[SourceVersion "1"]
[SourceVersionDate "2020.11.30"]
[SourceQuality "1"]

1. d4 Nf6 2. c4 g6 3. Nf3 Bg7 4. g3 0-0 5. Bg2 d6 6. 0-0 Nc6 7. Nc3 Bg4 8. e4 Nd7 9. Be3 e5 10. d5 Nd4 11. Nb5 Re8 12. Nbxd4 exd4 13. Bxd4 Rxe4 14. Bxg7 Kxg7 15. Qc2 Bxf3 16. Bxf3 Re8 17. Rfe1 Qf6 18. Be2 Re7 19. f4 Rae8 20. Qd2 Nc5 21. Kf1 h5 22. Bf3 Qf5 23. Rxe7 Rxe7 24. Rd1 h4 25. g4 Qf6 26. b4 Nd7 27. Qd4 Qxd4 28. Rxd4 Re3 29. Kf2 Ra3 30. Rd2 Rc3 31. Be2 Nf6 32. Rd4 Rc2 33. Ke3 Rxa2 34. g5 Ra3+ 35. Kf2 Nd7 36. Re4 Kf8 37. c5 dxc5 38. Bb5 Nb6 39. bxc5 Nxd5 40. c6 bxc6 41. Bxc6 Ne7 42. Bd7 Ra2+ 43. Kf3 Rxh2 44. Ra4 Rd2 45. Bh3 Rd3+ 46. Kg2 Nd5 47. f5 Ne3+ 48. Kf2 Nxf5 49. Bxf5 gxf5 50. Rxa7 Rc3 51. Ra4 Kg7 0-1